Kapacita haťového poľa hradeného segmentom s tlačenými ramenami.

Salvato in:
Dettagli Bibliografici
Autore principale: Vicianová, Silvia (Autore)
Altri autori: Gramblička, Miroslav (Relatore della tesi)
Natura: Manoscritto Libro
Lingua:slovacco
Pubblicazione: 2015
Soggetti:
Accesso online:http://is.stuba.sk/zp/portal_zp.pl?podrobnosti=91518
https://opac.crzp.sk/?fn=detailBiblioForm&sid=A1BE4CBC10A6410E23D1778DE444
Tags: Aggiungi Tag
Nessun Tag, puoi essere il primo ad aggiungerne!!

MARC

LEADER 00000ntm a22000003a 4500
001 stuzp51806
003 SK-STU
005 20230822095431.1
007 ta
008 150427s2015----xo-----f-mn---000-0-slo-d
040 |a STU  |b slo 
041 0 |a slo 
100 1 |a Vicianová, Silvia  |u 010170  |4 aut  |U SvF Stavebná fakulta  |T SvF Katedra hydrotechniky  |X 42292  |U V170  |Y 17  |7 42292 
242 0 1 |a Capacity of the weir field devided by segment with pressed branches  |y eng 
245 1 0 |a Kapacita haťového poľa hradeného segmentom s tlačenými ramenami. 
260 |c 2015 
650 4 |a voľný výtok otvorom  |2 slo 
650 4 |a zatopený výtok  |2 slo 
650 4 |a čiastočne zatopený výtok  |2 slo 
650 4 |a free ( upland ) discharge  |2 eng 
650 4 |a flooded spout  |2 eng 
650 4 |a partially flooded discharge  |2 eng 
700 1 |a Gramblička, Miroslav  |4 ths  |X 2741  |7 A000002741 
856 4 |u http://is.stuba.sk/zp/portal_zp.pl?podrobnosti=91518 
856 4 |u https://opac.crzp.sk/?fn=detailBiblioForm&sid=A1BE4CBC10A6410E23D1778DE444 
SQL |a stuzp51806  |b DBP  |c SLO  |d Kapacita haťového poľa hradeného segmentom s tlačenými ramenami.  |e 42292  |f Vicianová, Silvia  |g 010170  |h 2741  |i Gramblička, Miroslav  |j 20150622  |k 7  |l 01  |m http://is.stuba.sk/zp/portal_zp.pl?podrobnosti=91518  |n B-VSH  |o 5.1.6. vodné stavby, 6.4.1. vodné hospodárstvo